[Event "RLP Seniors op 17th"]
[Site "Neustadt an der Weinstrasse"]
[Date "2019.07.20"]
[Round "1"]
[White "Reese, Joachim"]
[Black "Walther, Reinhard"]
[Result "1/2-1/2"]
[WhiteElo "1706"]
[BlackElo "1996"]
[PlyCount "61"]
[EventDate "2019.07.20"]
[EventType "swiss"]
[EventRounds "9"]
[EventCountry "GER"]
[SourceTitle "CBM 192 Extra"]
[Source "Chessbase"]
[SourceDate "2019.11.06"]
[SourceVersion "1"]
[SourceVersionDate "2019.11.06"]
[SourceQuality "1"]

1. d4 c5 2. d5 g6 3. Nc3 Bg7 4. Bf4 d6 5. e4 Nd7 6. Qd2 a6 7. a4 Qa5 8. Nf3 b5 9. Be2 b4 10. Nd1 Bb7 11. 0-0 Ngf6 12. Qd3 Rc8 13. Ne3 Nh5 14. Nc4 Qc7 15. Bg5 a5 16. c3 h6 17. Be3 Ra8 18. Rfc1 Nb6 19. Nxb6 Qxb6 20. cxb4 axb4 21. e5 Ba6 22. Qd2 Bxe2 23. Qxe2 Qa6 24. Qxa6 Rxa6 25. g4 dxe5 26. Rxc5 0-0 27. gxh5 gxh5 28. b3 Rf6 29. Nd2 Rg6+ 30. Kf1 f5 31. Nc4 1/2-1/2

[Event "Rheinland Pfalz op Seniors 16th"]
[Site "Neustadt an der Weinstrasse"]
[Date "2018.07.12"]
[Round "6"]
[White "Reimer, Karl"]
[Black "Reese, Joachim"]
[Result "1/2-1/2"]
[WhiteElo "1507"]
[BlackElo "1717"]
[PlyCount "46"]
[EventDate "2018.07.07"]
[EventType "swiss"]
[EventRounds "9"]
[EventCountry "GER"]
[SourceTitle "EXT 2019"]
[Source "ChessBase"]
[SourceDate "2018.10.10"]
[SourceVersion "1"]
[SourceVersionDate "2018.10.10"]
[SourceQuality "1"]

1. b4 d5 2. Bb2 Nf6 3. e3 Bf5 4. c4 c6 5. Nc3 e6 6. a3 Be7 7. Nf3 0-0 8. cxd5 exd5 9. Be2 Nbd7 10. 0-0 Ne4 11. Nd4 Bg6 12. f3 Nd6 13. Qb3 Ne5 14. d3 Nxd3 15. e4 Nxb2 16. Qxb2 dxe4 17. fxe4 Nxe4 18. Nf5 Qb6+ 19. Kh1 Qg1+ 20. Kxg1 Bf6 21. Rac1 Rad8 22. Rfd1 Rxd1+ 23. Bxd1 Bxf5 1/2-1/2

[Event "Rheinland Pfalz op Seniors 15th"]
[Site "Neustadt an der Weinstrasse"]
[Date "2017.07.17"]
[Round "3"]
[White "Reese, Joachim"]
[Black "Welsch, Dieter"]
[Result "1-0"]
[WhiteElo "1677"]
[BlackElo "1833"]
[PlyCount "107"]
[EventDate "2017.07.15"]
[EventType "swiss"]
[EventRounds "9"]
[EventCountry "GER"]
[SourceTitle "EXT 2018"]
[Source "ChessBase"]
[SourceDate "2017.10.13"]
[SourceVersion "1"]
[SourceVersionDate "2017.10.13"]
[SourceQuality "1"]

1. d4 d5 2. Bf4 Nf6 3. e3 Nbd7 4. c3 e6 5. Nf3 Be7 6. Nbd2 Nh5 7. Bg3 Nxg3 8. hxg3 h6 9. Bd3 c5 10. Qe2 a6 11. Nh4 c4 12. Bc2 b5 13. e4 Bb7 14. e5 Qb6 15. Qh5 Bxh4 16. gxh4 g6 17. Qf3 Rf8 18. 0-0 0-0-0 19. a4 Bc6 20. axb5 Bxb5 21. Rfb1 f6 22. exf6 Rxf6 23. Qe3 Qd6 24. Nf3 Qf4 25. Qxf4 Rxf4 26. Bxg6 Rg8 27. h5 Nf8 28. Ne5 Nxg6 29. hxg6 Kb7 30. b3 cxb3 31. Rxb3 Kc7 32. g3 Re4 33. Rb2 h5 34. f3 Re3 35. Rc2 Re2 36. Rxe2 Bxe2 37. Kf2 Bb5 38. Ke3 Kd6 39. Kf4 Ke7 40. Kg5 Be2 41. Rb1 Bb5 42. Rh1 a5 43. Rb1 Be8 44. Rb7+ Kd6 45. g7 Bc6 46. Ra7 a4 47. Kf6 Be8 48. f4 a3 49. Rxa3 Kc7 50. Ra7+ Kb6 51. Re7 h4 52. gxh4 Bh5 53. Rxe6+ Kb5 54. Rd6 1-0

[Event "Rheinland Pfalz op Seniors 14th"]
[Site "Neustadt an der Weinstrasse"]
[Date "2016.07.24"]
[Round "9"]
[White "Reese, Joachim"]
[Black "Wawrinsky, Ludwig"]
[Result "0-1"]
[WhiteElo "1716"]
[BlackElo "1812"]
[PlyCount "90"]
[EventDate "2016.07.16"]
[EventType "swiss"]
[EventRounds "9"]
[EventCountry "GER"]
[SourceTitle "EXT 2019"]
[Source "ChessBase"]
[SourceDate "2018.10.10"]
[SourceVersion "1"]
[SourceVersionDate "2018.10.10"]
[SourceQuality "1"]

1. d4 Nf6 2. Nf3 e6 3. e3 b6 4. Bd3 Bb7 5. Nbd2 d5 6. 0-0 Bd6 7. Qe2 0-0 8. Rd1 Nbd7 9. b3 a5 10. Bb2 Re8 11. Rac1 Ne4 12. c4 f5 13. Ne5 Bb4 14. a3 Bxd2 15. Rxd2 Nxd2 16. Qxd2 Nxe5 17. dxe5 c5 18. Qe2 Qg5 19. f4 Qg6 20. Rd1 Rad8 21. h3 h5 22. Rf1 dxc4 23. Bxc4 Bd5 24. Bb5 Re7 25. Rd1 Rc7 26. Bc3 Rb8 27. Bc4 Bxc4 28. bxc4 Qe8 29. Rd6 Kh7 30. Be1 g6 31. Bh4 Rc6 32. g4 Rxd6 33. exd6 Rb7 34. Be7 b5 35. gxf5 gxf5 36. e4 Qg6+ 37. Qg2 Qxg2+ 38. Kxg2 fxe4 39. cxb5 Kg6 40. a4 c4 41. Bd8 Rd7 42. Bxa5 Rxd6 43. Bc3 Rd3 44. b6 Rxc3 45. a5 Rb3 0-1

[Event "Rheinland Pfalz op Seniors 14th"]
[Site "Neustadt an der Weinstrasse"]
[Date "2016.07.20"]
[Round "5"]
[White "David, Juergen"]
[Black "Reese, Joachim"]
[Result "0-1"]
[WhiteElo "1581"]
[BlackElo "1716"]
[PlyCount "30"]
[EventDate "2016.07.16"]
[EventType "swiss"]
[EventRounds "9"]
[EventCountry "GER"]
[SourceTitle "EXT 2019"]
[Source "ChessBase"]
[SourceDate "2018.10.10"]
[SourceVersion "1"]
[SourceVersionDate "2018.10.10"]
[SourceQuality "1"]

1. d4 Nf6 2. c4 c5 3. Nf3 g6 4. Nc3 cxd4 5. e3 dxc3 6. bxc3 Bg7 7. Qc2 0-0 8. Bd3 d5 9. 0-0 dxc4 10. Bxc4 Bf5 11. Qb3 Qc7 12. h3 Nc6 13. Nd2 Na5 14. Qb4 Nxc4 15. Nxc4 Nd5 0-1

[Event "Rheinland Pfalz op Seniors 14th"]
[Site "Neustadt an der Weinstrasse"]
[Date "2016.07.17"]
[Round "2"]
[White "Ranker, Klemens"]
[Black "Reese, Joachim"]
[Result "1-0"]
[WhiteElo "1839"]
[BlackElo "1716"]
[PlyCount "85"]
[EventDate "2016.07.16"]
[EventType "swiss"]
[EventRounds "9"]
[EventCountry "GER"]
[SourceTitle "EXT 2019"]
[Source "ChessBase"]
[SourceDate "2018.10.10"]
[SourceVersion "1"]
[SourceVersionDate "2018.10.10"]
[SourceQuality "1"]

1. e4 c6 2. d4 d5 3. exd5 cxd5 4. Bd3 Nc6 5. c3 Qc7 6. h3 e5 7. dxe5 Qxe5+ 8. Ne2 Bd6 9. Bf4 Qe7 10. 0-0 Bxf4 11. Nxf4 Qg5 12. g3 Nge7 13. h4 Qh6 14. Re1 0-0 15. Nd2 Be6 16. Nf1 d4 17. Nxe6 fxe6 18. cxd4 Qf6 19. Qd2 Nxd4 20. Nh2 Rad8 21. Rad1 Nec6 22. Re4 e5 23. f4 exf4 24. Rxf4 Qd6 25. Rdf1 Ne2+ 26. Qxe2 Rxf4 27. Bxh7+ Kxh7 28. Rxf4 Qc5+ 29. Rf2 Qc1+ 30. Kg2 Qb1 31. a3 Qd3 32. Qh5+ Kg8 33. Qf7+ Kh7 34. Nf3 Qd5 35. Qxd5 Rxd5 36. Ng5+ Kg6 37. Kh3 Ne5 38. Rc2 a5 39. Ne6 Kf6 40. Nf4 Rd7 41. Rc5 b6 42. Nd5+ Kf5 43. Nxb6 1-0

[Event "Rheinland Pfalz op Seniors 13th"]
[Site "Neustadt an der Weinstrasse"]
[Date "2015.07.15"]
[Round "6"]
[White "Reese, Joachim"]
[Black "Recknagel, Utta"]
[Result "0-1"]
[WhiteElo "1784"]
[BlackElo "1371"]
[PlyCount "40"]
[EventDate "2015.07.10"]
[EventType "swiss"]
[EventRounds "7"]
[EventCountry "GER"]
[SourceTitle "EXT 2019"]
[Source "ChessBase"]
[SourceDate "2018.10.10"]
[SourceVersion "1"]
[SourceVersionDate "2018.10.10"]
[SourceQuality "1"]

1. d4 c6 2. Nf3 d5 3. e3 Nf6 4. Bd3 h6 5. Nbd2 Nbd7 6. 0-0 Qc7 7. h3 e5 8. e4 Bd6 9. Re1 0-0 10. c3 Re8 11. Nh4 exd4 12. cxd4 dxe4 13. Nxe4 Nxe4 14. Bxe4 Nf6 15. Qf3 Nxe4 16. Rxe4 Be6 17. Bf4 Bxf4 18. Rxf4 g5 19. Qg3 Qxf4 20. Qxf4 gxf4 0-1

[Event "Rheinland Pfalz op Seniors 12th"]
[Site "Neustadt an der Weinstrasse"]
[Date "2014.07.13"]
[Round "3"]
[White "Beyer, Harald"]
[Black "Reese, Joachim"]
[Result "1-0"]
[WhiteElo "1646"]
[BlackElo "1488"]
[PlyCount "83"]
[EventDate "2014.07.12"]
[EventType "swiss"]
[EventRounds "7"]
[EventCountry "GER"]
[SourceTitle "EXT 2019"]
[Source "ChessBase"]
[SourceDate "2018.10.10"]
[SourceVersion "1"]
[SourceVersionDate "2018.10.10"]
[SourceQuality "1"]

1. e4 g6 2. d4 d6 3. Nf3 Bg7 4. c4 c5 5. Be3 Qb6 6. Qd2 Nc6 7. Bd3 cxd4 8. Bf4 e5 9. Bg3 Bh6 10. Qe2 Nb4 11. b3 Nf6 12. h3 Bc1 13. Nbd2 Nxd3+ 14. Qxd3 Bb2 15. Rb1 Bc3 16. 0-0 Bd7 17. Bh4 Nh5 18. Bg3 Nxg3 19. fxg3 0-0 20. Rbd1 Qa5 21. Nb1 Bb4 22. Rf2 f5 23. Rdf1 b5 24. Rc1 Bc5 25. Re2 fxe4 26. Qxe4 d3+ 27. Re3 Bf5 28. Qd5+ Kh8 29. Rce1 bxc4 30. Qxc4 e4 31. Nd4 Bxd4 32. Qxd4+ Qe5 33. Qxe5+ dxe5 34. g4 Bd7 35. Rxe4 Rae8 36. Rxe5 Rxe5 37. Rxe5 Kg7 38. Rd5 Rc8 39. Rxd7+ Kf6 40. Nd2 Rc1+ 41. Kf2 Rc2 42. Rxd3 1-0